Loading...
| Fine Arts - Classical Music | 3 | 16.67 | 100% | 33% | 33% |
| Fine Arts - Other Fine Arts | 4 | 7.50 | 75% | 0% | 0% |
| Fine Arts - Visual Fine Arts | 4 | 22.50 | 100% | 75% | 50% |
| Geography/Current Events | 1 | 30.00 | 100% | 100% | 100% |
| History - American History | 2 | 10.00 | 100% | 0% | 0% |
| History - European History | 4 | 22.50 | 100% | 50% | 75% |
| History - Other History | 5 | 18.00 | 80% | 60% | 40% |
| History - World History | 2 | 15.00 | 100% | 50% | 0% |
| Literature - American Literature | 4 | 17.50 | 100% | 50% | 25% |
| Literature - British Literature | 3 | 16.67 | 67% | 67% | 33% |
| Literature - European Literature | 3 | 10.00 | 100% | 0% | 0% |
| Literature - World/Other Literature | 3 | 13.33 | 100% | 0% | 33% |
| Mythology | 7 | 17.14 | 100% | 71% | 0% |
| Other Academic | 2 | 25.00 | 100% | 100% | 50% |
| Philosophy | 6 | 16.67 | 83% | 67% | 17% |
| Pop Culture | 1 | 20.00 | 100% | 100% | 0% |
| Religion | 3 | 6.67 | 67% | 0% | 0% |
| Science - Biology | 3 | 16.67 | 100% | 67% | 0% |
| Science - Chemistry | 6 | 8.33 | 83% | 0% | 0% |
| Science - Other Science | 5 | 22.00 | 100% | 100% | 20% |
| Science - Physics | 5 | 16.00 | 100% | 60% | 0% |
| Social Science | 5 | 14.00 | 100% | 20% | 20% |
| World/Other Literature> | 1 | 10.00 | 100% | 0% | 0% |